Responses for Show #5671 - Monday, April 13, 2009

Contestants

[<< previous game]

Michael O'Malley, a prosecutor from Chicago, Illinois

Nancy Gow, an IT evaluator from Oakton, Virginia

James Holst, a researcher from Ida Grove, Iowa (whose 1-day cash winnings total $24,801)

[next game >>]

Jeopardy! Round responses

BEER
(Alex: You're going to notice a theme here.)
ROLLING ROCK
SAM ADAMS
GUINNESS
ST. PAUL-Y GIRL
"BUD"
    $200 2
Corona

Nancy
    $200 16
"Proud Mary"

James
    $200 3
(Michael: They were cousins.
They were first cousins.)
(Alex: Remember your phrasing.)
(Michael: What is they were first cousins?)
(Alex: No. James.)
(James: What is they were first cousins?)

second cousins

JamesMichael
Triple Stumper
    $200 21
a sneeze

Michael
    $200 1
Sarah Palin

Michael
    $200 26
taste buds

Nancy
    $400 12
Coors

Michael
    $400 17
Kiss

Michael
    $400 8
(Nancy: What is Concord?)

Lexington

JamesNancy
    $400 22
a sand castle

James
    $400 4
the North and South Poles

James
    $400 27
buddy-buddy

James
    $600 13
Heineken

Michael
    $600 18
"Roll Over Beethoven"

Nancy
    $600 9
The Boston Massacre

Michael
    $600 23
(truck) tires

James
    $1,000 5
Ronald McDonald Houses

James
    $800 14
Miller

James
    $800 19
Joan Jett

James
    $800 10
John Hancock

Michael
    $800 24
a pizza

Michael
    $800 6
the Little Red-Haired Girl (the Little Red-Head Girl accepted)

Michael
    $800 29
[The end-of-round signal sounds.]

earbuds

Michael
    $1000 15
Pabst

James
    $1000 20
"Papa Was A Rollin' Stone"

Michael
    $1000 11
the Articles of Confederation

James
    $1000 25
leapfrog

Nancy
    $1000 7
the Space Shuttle

Nancy
    $1000 28
an ombudsman

Michael

Scores at the first commercial break (after clue 15):

James Nancy Michael
$4,400 $800 $3,200

Scores at the end of the Jeopardy! Round:

James Nancy Michael
$6,800 $2,600 $7,400

Double Jeopardy! Round responses

THE LOWEST COMMON DENOMINATOR
I DO'S & I'M DONES
COMPLETES THE PLAY TITLE
THE PILOT'S PHONETIC ALPHABET
AFRICAN ANIMALS
DOUBLE DOUBLE LETTERS
    $400 26
(Michael: What is 2?)
(Nancy: What is 1/16?)

16

NancyMichael
Triple Stumper
    $400 11
Phil Collins

James
    $400 1
Hope

Michael
    $400 6
Bravo

Michael
    $400 21
a hare

Triple Stumper
    $400 16
(Michael: What is annual?)
...
(Alex: Yes, double double letters.
Your response had only one double letter.)

annually

JamesMichael
    $800 27
(James: What is 1/4?)

12

JamesNancy
    $800 12
Beyoncé & Jay-Z

Nancy
    $800 2
Season

James
    $800 7
Echo

Nancy
    $800 22
a beetle

James
    $800 17
dumbbells

Michael
    $1200 28
30

James
    $1200 13
Christie Brinkley

Michael
    $1200 3
an Author

Michael
    $1200 8
Romeo & Juliet

James
    $1200 23
(Michael: What is a water buffalo?)
(James: What is a wildebeest?)
(Nancy: What is a musk ox?)

a Cape Buffalo

JamesNancyMichael
Triple Stumper
    $1200 18
millennium

Michael
    $1600 29
20

Nancy
    $1600 14
Julie Christie

Triple Stumper
    $1600 4
(Nancy: What is Consequence?)

Importance

Nancy
Triple Stumper
    $1600 9
Quebec

James
    $5,000 24
(James: What are baboons?)
...
(Alex: Oh, you're on the right track, but not quite there.
What are [*]?
[*] cleaning each other.)

a monkey

James
    $1600 19
volleyball

Michael
    $2000 30
24

Nancy
    $2000 15
Robin Wright

Michael
    $2000 5
Caveman

Michael
    $2000 10
Golf

Michael
    $2000 25
weaverbirds

Nancy
    $3,000 20
(Michael: What is a ... bubbler?)

scuttlebutt

Michael

Scores at the end of the Double Jeopardy! Round:

James Nancy Michael
$6,200 $7,400 $15,200
(lock game)

[wagering suggestions for these scores]

Final Jeopardy! Round responses

VIVE LA FRANCE!
(Alex: Also known as "The War Song For The Army Of The Rhine".)
JamesWhat is The Marseillaise?
$6,200
NancyWhat is the La Marsielle?
$400
MichaelWhat is the Marseilies? Marseilles?
$200
"La Marseillaise"

Final scores:

James Nancy Michael
$12,400 $7,000 $15,000
2nd place: $2,000 3rd place: $1,000 New champion: $15,000

Game dynamics:

Coryat scores:

James Nancy Michael
$10,800 $7,400 $18,200
18 R
(including 1 DD),
4 W
(including 1 DD)
11 R,
4 W
22 R,
5 W
(including 1 DD)

Combined Coryat: $36,400

[game clues] [game scores] [suggest correction]

Game tape date: 2009-02-04
The J! Archive is created by fans, for fans. Scraping, republication, monetization, and malicious use prohibited; this site may use cookies and collect identifying information. See terms. The Jeopardy! game show and all elements thereof, including but not limited to copyright and trademark thereto, are the property of Jeopardy Productions, Inc. and are protected under law. This website is not affiliated with, sponsored by, or operated by Jeopardy Productions, Inc. Join the discussion at JBoard.tv.